000 01126cam a22003137a 4500
003 CHAP
005 20220329142141.0
008 000117d1999 nl r 00010 spa d
010 _a79248
011 _a80220
035 _a90667
040 _cCHAP
090 _aFolleto 15628
100 0 0 _aBay-Schmith C., Catalina.
_910989
245 0 _aMecanismos de enlace INIA-sector privado en la investigación agroindustrial y agroalimentaria
_c/por Catalina Bay-Schmith C. y Silvia Gálvez A.
260 _aLa Haya :
_bServicio Internacional para la Investigación Agrícola Nacional,
_c1999.
300 _a66 p.
590 _aBATCH-UPD
_b10
_c20130110
_lUCH01
_h0613
590 _aBATCH-UPD
_b10
_c20130410
_lUCH01
_h0255
590 _aBATCH-UPD
_b10
_c20130914
_lUCH01
_h0052
590 _aCONVERSION
_b10
_c20130109
_lUCH01
_h1344
650 1 4 _aAgricultura
_xInvestigación
_xAmérica Latina.
_91580
650 1 4 _aIndustrias agrícolas
_xInvestigación.
_957953
700 0 _aGálvez A., Silvia.
_948353
901 _aBK
905 _aLilia Sánchez G.
942 _cFOLL
949 _aFolleto 15628
_bBC
_cFOLL
_d906671
_eTS1
_i90667
_sb
999 _c79248
_d79248